00735nam a2200157 4500003000900000020001800009040002800027082002000055245012200075260004400197300005000241500003800291650003700329650003700366700017400403CO-ViMGA a9789585992016 aCO-ViMGAbspacCO-ViMGA04a641.59861 bf6310aFogón vallecaucanobcocinas de valle, mar y montañacinvestigación y textos Gustavo Campos ... [y otros cuatro] aCalibGobernación del Valle del Cauca a157 páginasbfotografías en color , 24 cm aRecomendado para público adulto14aCocina Vallecaucana - Recetarios14aGastronomia - Recetas - Colombia1 aCampos, Gustavo Cuaical, Dayana Melo, Marcela Muñoz, Leydy Sánchez, Enrique \ Campos, Gustavo \ Cuaical, Dayana \ Melo, Marcela \ Muñoz, Leydy \ Sánchez, Enrique